| 000 | 01081cam a22003011 4500 | ||
|---|---|---|---|
| 001 | 8782183 | ||
| 003 | NUST | ||
| 005 | 20220214153528.0 | ||
| 008 | 830523s1940 nyu d 000 0 eng | ||
| 010 | _a 40005646 | ||
| 038 | _awaseem | ||
| 040 |
_aDLC _beng _cCarP _dDLC |
||
| 043 | _an-us--- | ||
| 050 | 0 | 0 |
_aE174 _b.A43 |
| 082 |
_a973.003 _bDIC |
||
| 100 | 1 |
_aAdams, James Truslow, _d1878-1949. _989026 |
|
| 245 | 1 | 0 |
_aDictionary of American history / _cJames Truslow Adams, Editor-in-chief; R. V. Coleman, Managing editor ... |
| 260 |
_aNew York : _bC. Scribner's sons, _c1940. |
||
| 300 |
_aVolume. _c26 cm. |
||
| 500 |
_aSupplemented by: "Index" (viii, 258 p. 26 cm.) published: New Yor, C. Scribner's sons, 1940. Call number: E174.A43 Index. _5DLC |
||
| 563 | _aHBK. | ||
| 651 | 0 |
_aUnited States _xHistory _vDictionaries. _989027 |
|
| 700 | 1 |
_aColeman, R. V. _q(Roy V.), _d1885-1971, _ejoint ed. _989028 |
|
| 906 |
_a7 _bcbc _cpremunv _du _encip _f19 _gy-gencatlg |
||
| 942 |
_2ddc _cREF |
||
| 987 |
_bRBSCDRECON _c20190509 _dr _fDASHED-ON ENTRIES |
||
| 999 |
_c587844 _d587844 |
||